00573nam a22001691a 4500020000900000040002600009082002100035100002100056245005400077260004200131300000900173600004500182852000900227942000600236999001700242952014400259 c0.00 aNEGST Library - Kenya aBV 1471.G53 1981 aGlass, Joseph D. aHow to teach God's storycJoseph D. Glassh[Text] bParish Life Press, Philadelphiac1981 a128p aChristian educationxstudy and teaching. 98.200001 c23290d23290 00102lcc40708GENaCPLbCPLcGENd2010-02-04g8.20l4oBV 1471.G53 1981pR21772X3232r2024-05-06 15:56:24s2024-04-17t1w2010-02-04yBK